[Event "DBMM 2015 (XV.)"]
[Site "München"]
[Date "2015.10.23"]
[Round "4.3"]
[White "Selmanaj, Agim"]
[Black "Däbritz, Hans-Jörg"]
[Result "1/2-1/2"]
[WhiteElo "1599"]
[BlackElo "1907"]
[Annotator "Peter"]
[PlyCount "60"]
[EventDate "2015.10.22"]
[EventCountry "GER"]
[WhiteTeam "EKJ Herne und Wanne-Eickel 1"]
[BlackTeam "Flughafen München 1"]

1. g3 d5 2. Bg2 Nf6 3. Nf3 e6 4. d3 Bd6 5. O-O O-O 6. Nc3 c6 7. e4 Nbd7 8. Re1
Qc7 9. Bg5 dxe4 10. Nxe4 Nxe4 11. dxe4 h6 12. Be3 Nb6 13. Qd2 e5 14. c3 Be6 15.
b3 a5 16. Bf1 a4 17. Rad1 Be7 18. Qb2 c5 19. c4 Qc6 20. Nd2 Rad8 21. f3 Rd7 22.
Be2 Rfd8 23. Nf1 axb3 24. axb3 Rxd1 25. Rxd1 Rxd1 26. Bxd1 Nd7 27. Qd2 b5 28.
Be2 bxc4 29. Bxc4 Nb6 30. Bxe6 Qxe6 {Ende nicht rekonstruierbar} 1/2-1/2

[Event "DBMM 2015 (XV.)"]
[Site "München"]
[Date "2015.10.23"]
[Round "4.4"]
[White "Sindern, Christoph"]
[Black "Rhein, Volker"]
[Result "1-0"]
[WhiteElo "1569"]
[BlackElo "1300"]
[PlyCount "127"]
[EventDate "2015.10.22"]
[EventCountry "GER"]
[WhiteTeam "Flughafen München 1"]
[BlackTeam "EKJ Herne und Wanne-Eickel 1"]

1. d4 g6 2. c4 Bg7 3. e4 d6 4. Nf3 b6 5. Nc3 Bb7 6. Be2 c5 7. d5 Nd7 8. Qc2 Ne5
9. Nxe5 Bxe5 10. Be3 Qd7 11. a3 Bg7 12. O-O Nf6 13. b4 e5 14. bxc5 bxc5 15.
Rab1 Rb8 16. f4 O-O 17. fxe5 dxe5 18. Bxc5 Rfe8 19. Bxa7 Ra8 20. Bc5 Rec8 21.
Bb4 Ba6 22. Nd1 Ng4 23. h3 Nf6 24. Nf2 Bf8 25. Qb3 Qc7 26. Rfc1 Nd7 27. Bf1 Nc5
28. Qe3 Nd7 29. Rc2 Rab8 30. Qd2 Nc5 31. Nd3 Nxe4 32. Qe3 Qb6 33. Qxb6 Rxb6 34.
Rbc1 Nc5 35. Nxe5 Bd6 36. Bxc5 Bxc5+ 37. Kh1 Bxa3 38. Ra1 Bd6 39. Nd7 Rb7 40.
Nf6+ Kg7 41. Rxa6 Rb1 42. Rxd6 Rxf1+ 43. Kh2 Rxf6 44. Rxf6 Kxf6 45. Kg3 Ke5 46.
Kf3 f5 47. Ke3 f4+ 48. Kd3 g5 49. Re2+ Kd6 50. Kd4 Rf8 51. c5+ Kd7 52. c6+ Kc7
53. Re7+ Kd6 54. Rxh7 f3 55. Rh6+ Kc7 56. gxf3 Rxf3 57. Rh5 Rf4+ 58. Ke5 Rf3
59. Rxg5 Rxh3 60. Rg7+ Kc8 61. d6 Rh5+ 62. Kf6 Rh6+ 63. Ke7 Rh8 64. Rf7 1-0

[Event "DBMM 2015 (XV.)"]
[Site "München"]
[Date "2015.10.23"]
[Round "4.1"]
[White "Blum, Norbert"]
[Black "Capris, Marius"]
[Result "0-1"]
[WhiteElo "2027"]
[BlackElo "1952"]
[PlyCount "62"]
[EventDate "2015.10.22"]
[EventCountry "GER"]
[WhiteTeam "SV Spark.Vers. Stuttgart 1"]
[BlackTeam "Fiducia IT 1"]

1. e4 e6 2. d4 d5 3. Nc3 Nf6 4. e5 Nfd7 5. f4 c5 6. Nf3 Nc6 7. Be3 cxd4 8. Nxd4
a6 9. Qd2 Nxd4 10. Bxd4 f5 11. exf6 Nxf6 12. Bd3 Bd6 13. O-O O-O 14. Rae1 Qc7
15. Qf2 Nh5 16. Qh4 g6 17. Be5 Nxf4 18. Rxf4 Bxe5 19. Rxf8+ Kxf8 20. Ne2 Kg7
21. Nd4 Bf6 22. Qf2 e5 23. Rf1 Qd6 24. Nb3 Bd7 25. c3 Rf8 26. Qa7 Bc8 27. Nc5
Rf7 28. Nb3 b6 29. Qa8 Bb7 30. Qa7 d4 31. Bc4 Qc6 0-1

[Event "DBMM 2015 (XV.)"]
[Site "München"]
[Date "2015.10.23"]
[Round "4.3"]
[White "Lau, Peter"]
[Black "Hofbauer, Bernhard"]
[Result "0-1"]
[WhiteElo "1820"]
[BlackElo "1954"]
[PlyCount "51"]
[EventDate "2015.10.22"]
[EventCountry "GER"]
[WhiteTeam "SV Spark.Vers. Stuttgart 1"]
[BlackTeam "Fiducia IT 1"]

1. e4 e5 2. Nf3 Nc6 3. Bb5 a6 4. Ba4 Nf6 5. O-O Be7 6. Re1 b5 7. Bb3 d6 8. c3
O-O 9. h3 Re8 10. d3 Na5 11. Bc2 c5 12. Nbd2 Bf8 13. Nf1 g6 14. Ng3 Bg7 15. Be3
Bb7 16. Qd2 Qc7 17. Bh6 Nd7 18. Bxg7 Kxg7 19. Qg5 f6 20. Qe3 Nc6 21. Rac1 a5
22. a3 Nb6 23. Nd2 Rac8 24. f4 exf4 25. Qxf4 d5 26. Qxc7+ 0-1

[Event "DBMM 2015 (XV.)"]
[Site "München"]
[Date "2015.10.23"]
[Round "4.4"]
[White "Strasser, Josef"]
[Black "Wirth, Volker"]
[Result "1/2-1/2"]
[WhiteElo "1881"]
[BlackElo "1717"]
[PlyCount "85"]
[EventDate "2015.10.22"]
[EventCountry "GER"]
[WhiteTeam "Fiducia IT 1"]
[BlackTeam "SV Spark.Vers. Stuttgart 1"]

1. e4 c5 2. Nf3 Nc6 3. Bb5 a6 4. Bxc6 bxc6 5. d4 cxd4 6. Qxd4 d5 7. Nc3 e6 8.
O-O c5 9. Qd3 d4 10. Ne2 Nf6 11. Rd1 Bb7 12. Ng3 Be7 13. Bf4 O-O 14. Qe2 Qa5
15. Bd2 Qc7 16. c3 e5 17. Rac1 Rad8 18. Bg5 Qb8 19. Nf5 Rfe8 20. Nxe7+ Rxe7 21.
Nh4 Re6 22. f3 h6 23. Bxf6 Rxf6 24. b3 g6 25. c4 Qd6 26. Rd3 Kh7 27. g3 Bc8 28.
Ng2 Bh3 29. Ne1 Qd7 30. Nc2 Rd6 31. Rcd1 f5 32. exf5 Bxf5 33. Qxe5 Bxd3 34.
Rxd3 Re6 35. Qxc5 Re2 36. Nxd4 Rc8 37. Qb4 Rb2 38. Qc3 Rxa2 39. Nc2 Qh3 40. Rd2
Rf8 41. Qd3 Rf7 42. Rf2 Rb2 43. Qf1 1/2-1/2

[Event "DBMM 2015 (XV.)"]
[Site "München"]
[Date "2015.10.23"]
[Round "4.2"]
[White "Weidl, Robert"]
[Black "Karthaus, Carsten"]
[Result "0-1"]
[WhiteElo "1875"]
[BlackElo "1925"]
[Annotator "Peter"]
[PlyCount "74"]
[EventDate "2015.10.22"]
[EventCountry "GER"]
[WhiteTeam "ADAC München 2"]
[BlackTeam "SG Stern Stuttgart 1"]

1. e4 d5 2. exd5 Nf6 3. d4 Bg4 4. f3 Bf5 5. Bd3 Qxd5 6. Bxf5 Qxf5 7. Ne2 Nc6 8.
a3 O-O-O 9. c3 e5 10. Be3 exd4 11. cxd4 Bc5 12. O-O Bxd4 13. Nxd4 Nxd4 14. Qa4
a6 15. Bxd4 Qf4 16. Qb3 Qxd4+ 17. Kh1 Qd3 18. Nc3 Rd7 19. Rad1 Qf5 20. Rxd7
Qxd7 21. Rd1 Re8 22. h3 Qe6 23. Qa4 Rd8 24. Rxd8+ Kxd8 25. Qb4 Nh5 26. Qxb7
Qe1+ 27. Kh2 Qg3+ 28. Kg1 Nf4 29. Kf1 Qxg2+ 30. Ke1 Nd3+ 31. Kd1 Nxb2+ 32. Kc1
Nd3+ 33. Kd1 Nb2+ 34. Kc1 Nc4 35. Qd5+ Nd6 36. Qa8+ Kd7 37. Qxa6 Qxf3 {Rest
nicht mehr rekonstruierbar} 0-1

[Event "DBMM 2015 (XV.)"]
[Site "München"]
[Date "2015.10.23"]
[Round "4.3"]
[White "Bangert, Udo"]
[Black "Obermeier, Karlheinz"]
[Result "0-1"]
[WhiteElo "1904"]
[BlackElo "1522"]
[PlyCount "71"]
[EventDate "2015.10.22"]
[EventCountry "GER"]
[WhiteTeam "SG Stern Stuttgart 1"]
[BlackTeam "ADAC München 2"]

1. b3 e5 2. Bb2 d6 3. c4 Nf6 4. Nc3 g6 5. e4 Bg7 6. Nge2 Nc6 7. f3 Nb4 8. d4
exd4 9. Nxd4 Bd7 10. a3 Nc6 11. Nxc6 Bxc6 12. Qd2 O-O 13. Bd3 Nd7 14. O-O b6
15. Nd5 Bxd5 16. Bxg7 Kxg7 17. cxd5 a5 18. Rfc1 Ra7 19. Bb5 Nc5 20. Rab1 f6 21.
b4 axb4 22. axb4 Nd7 23. Ra1 Rxa1 24. Rxa1 Rf7 25. Qc3 g5 26. Bc6 Qe7 27. Rc1
h6 28. Bxd7 Qxd7 29. g4 Kg6 30. Qd3 Kg7 31. Rc6 Qc8 32. Qc4 Re7 33. Rxd6 Qb7
34. Rc6 Qb8 35. d6 cxd6 36. Rc8 0-1

[Event "DBMM 2015 (XV.)"]
[Site "München"]
[Date "2015.10.23"]
[Round "4.1"]
[White "FM Gempe, Thomas"]
[Black "Schmidt, Konrad"]
[Result "1-0"]
[WhiteElo "2210"]
[BlackElo "1801"]
[PlyCount "137"]
[EventDate "2015.10.22"]
[EventCountry "GER"]
[WhiteTeam "ADAC München 1"]
[BlackTeam "SG Deutscher Bundestag Bonn 1"]

1. d4 Nf6 2. c4 g6 3. Nc3 d5 4. e3 Bg7 5. Qb3 e6 6. Qa3 Bf8 7. Qa4+ Bd7 8. Qb3
Bc6 9. Nf3 Nbd7 10. Bd2 Bg7 11. cxd5 Nxd5 12. Bb5 Bxb5 13. Qxb5 N5b6 14. O-O
O-O 15. Rfd1 c6 16. Qe2 Qe7 17. e4 h6 18. Be3 Rfd8 19. Rac1 e5 20. d5 cxd5 21.
Nxd5 Nxd5 22. Rxd5 Nb6 23. Rdc5 Rac8 24. h3 Rxc5 25. Rxc5 Rc8 26. Rxc8+ Nxc8
27. Qc4 Qd7 28. Bd2 Ne7 29. Bc3 Nc6 30. Qb5 a6 31. Qc5 Qe6 32. b3 Nd4 33. Bxd4
exd4 34. e5 d3 35. Qd4 d2 36. Qxd2 Bxe5 37. Qxh6 Bg7 38. Qd2 b5 39. Qd3 Qf6 40.
Qe2 Qa1+ 41. Kh2 Qf6 42. g3 Qd6 43. h4 Kf8 44. Ng5 Bh6 45. Ne4 Qe5 46. Qf3 Bg7
47. Nd2 Qb8 48. Qd5 Kg8 49. Ne4 Qc8 50. Ng5 Qe8 51. Qb7 Bf6 52. Qxa6 Bxg5 53.
hxg5 Qe2 54. Qa7 Qh5+ 55. Kg2 Qxg5 56. Qa8+ Kg7 57. a4 bxa4 58. bxa4 Qe5 59. a5
g5 60. a6 g4 61. a7 Qa5 62. Qb7 Qh5 63. a8=Q Qh3+ 64. Kg1 Kg6 65. Qe4+ Kg7 66.
Qa1+ Kg8 67. Qe8+ Kh7 68. Qxf7+ Kh6 69. Qag7# 1-0

[Event "DBMM 2015 (XV.)"]
[Site "München"]
[Date "2015.10.23"]
[Round "4.2"]
[White "Stark, Rainer"]
[Black "Haas, Peter"]
[Result "1/2-1/2"]
[WhiteElo "2090"]
[BlackElo "2076"]
[PlyCount "27"]
[EventDate "2015.10.22"]
[EventCountry "GER"]
[WhiteTeam "SG Deutscher Bundestag Bonn 1"]
[BlackTeam "ADAC München 1"]

1. d4 Nf6 2. c4 e6 3. g3 Bb4+ 4. Bd2 c5 5. Bg2 Qb6 6. d5 exd5 7. cxd5 O-O 8.
Nc3 Re8 9. Nf3 Bxc3 10. Bxc3 Ne4 11. O-O Nxc3 12. bxc3 Qf6 13. Qd2 d6 14. Rfe1
1/2-1/2

[Event "DBMM 2015 (XV.)"]
[Site "München"]
[Date "2015.10.23"]
[Round "4.3"]
[White "Budai, Zoltan"]
[Black "Stamer, Martin"]
[Result "1-0"]
[WhiteElo "2043"]
[BlackElo "1900"]
[PlyCount "81"]
[EventDate "2015.10.22"]
[EventType "swiss"]
[EventCountry "GER"]
[WhiteTeam "ADAC München 1"]
[BlackTeam "SG Deutscher Bundestag Bonn 1"]

1. Nf3 d5 2. g3 Bf5 3. Bg2 Nc6 4. d4 Nf6 5. O-O Nb4 6. Na3 Qd7 7. Ne5 Qc8 8. c3
Nc6 9. c4 e6 10. Qa4 Bxa3 11. Qxa3 Nxd4 12. e4 dxe4 13. Be3 Nc2 14. Qa4+ c6 15.
Qxc2 O-O 16. h3 h6 17. Rad1 Qc7 18. Qc3 b6 19. g4 Bh7 20. g5 hxg5 21. Bxg5 Nh5
22. Rd7 Qc8 23. Be7 f6 24. Bxf8 fxe5 25. Rxg7+ Nxg7 26. Bxg7 Kxg7 27. Qxe5+ Kf7
28. Rd1 Qb7 29. Bxe4 Bxe4 30. Qxe4 Rg8+ 31. Kf1 Qc7 32. Qh7+ Rg7 33. Qh5+ Kf8
34. Rd3 Kg8 35. Qe8+ Kh7 36. Qxe6 c5 37. Rd6 Qb7 38. Qf5+ Kh8 39. Qh5+ Rh7 40.
Qe8+ Kg7 41. Rg6# 1-0

[Event "DBMM 2015 (XV.)"]
[Site "München"]
[Date "2015.10.23"]
[Round "4.4"]
[White "Müller, Franz Helmut"]
[Black "WFM Gempe, Anet"]
[Result "0-1"]
[WhiteElo "1700"]
[BlackElo "2045"]
[PlyCount "66"]
[EventDate "2015.10.22"]
[EventCountry "GER"]
[WhiteTeam "SG Deutscher Bundestag Bonn 1"]
[BlackTeam "ADAC München 1"]

1. e4 e6 2. d4 d5 3. e5 c5 4. c3 Nc6 5. Nf3 Qb6 6. Be2 Bd7 7. O-O cxd4 8. cxd4
Nge7 9. Nc3 Nf5 10. Na4 Qd8 11. a3 Be7 12. b4 b6 13. Bb2 O-O 14. Rc1 Rc8 15.
Nc3 f6 16. Ba6 Rb8 17. Re1 fxe5 18. dxe5 Qe8 19. Ne2 b5 20. Nc3 Nd8 21. Nd4
Nxd4 22. Qxd4 Rb6 23. Bc8 Bxc8 24. Nxd5 Nc6 25. Rxc6 Rxc6 26. Ne3 Qf7 27. Re2
Bg5 28. Nf1 Rc4 29. Qd3 Bb7 30. Ne3 Rd8 31. Qb3 Bxe3 32. Rxe3 Qg6 33. Rg3 Qb1+
0-1

[Event "DBMM 2015 (XV.)"]
[Site "München"]
[Date "2015.10.23"]
[Round "4.1"]
[White "FM Gohil, Harry"]
[Black "Eggenstein, Frank"]
[Result "1-0"]
[WhiteElo "2282"]
[BlackElo "2013"]
[PlyCount "79"]
[EventDate "2015.10.22"]
[EventCountry "GER"]
[WhiteTeam "Commerzbank Frankfurt 1"]
[BlackTeam "RWE Essen 1"]

1. d4 Nf6 2. Bg5 e6 3. e4 h6 4. Bxf6 Qxf6 5. c3 b6 6. Bd3 Ba6 7. e5 Qd8 8. Be4
c6 9. f4 d5 10. exd6 Qxd6 11. Qf3 Be7 12. Nd2 O-O 13. O-O-O Rc8 14. g4 Nd7 15.
g5 f5 16. gxf6 Nxf6 17. Nh3 Nxe4 18. Nxe4 Qd5 19. Rhg1 Rf8 20. Rg6 Rf7 21. Rdg1
Kf8 22. Kb1 Rc8 23. Nhf2 c5 24. Qg3 Ke8 25. Rxg7 Rxg7 26. Qxg7 Bd3+ 27. Nxd3
Qxe4 28. Qg6+ Qxg6 29. Rxg6 cxd4 30. cxd4 Rd8 31. Rxe6 Rxd4 32. Ne5 Rd6 33.
Rxd6 Bxd6 34. Kc2 Kf8 35. Kd3 Kg7 36. Ke4 Kf6 37. h3 Bc7 38. Nc6 a5 39. Na7 Bd6
40. Nb5 1-0

[Event "DBMM 2015 (XV.)"]
[Site "München"]
[Date "2015.10.23"]
[Round "4.2"]
[White "Broksch, Dirk"]
[Black "Fischer, Alexander Dr"]
[Result "1/2-1/2"]
[WhiteElo "1917"]
[BlackElo "2043"]
[PlyCount "51"]
[EventDate "2015.10.22"]
[EventCountry "GER"]
[WhiteTeam "RWE Essen 1"]
[BlackTeam "Commerzbank Frankfurt 1"]

1. d4 d5 2. Nf3 Nf6 3. Bf4 c5 4. e3 Nc6 5. c3 cxd4 6. exd4 Bg4 7. h3 Bh5 8.
Nbd2 e6 9. Qb3 Qc8 10. Bb5 Be7 11. Ne5 O-O 12. g4 Bg6 13. Nxg6 hxg6 14. O-O a6
15. Bd3 b5 16. a3 Na5 17. Qc2 Nc4 18. a4 Qb7 19. axb5 axb5 20. b3 Nxd2 21. Qxd2
Rfd8 22. Rxa8 Rxa8 23. b4 Ne4 24. Bxe4 dxe4 25. Re1 Qd5 26. Rc1 1/2-1/2

[Event "DBMM 2015 (XV.)"]
[Site "München"]
[Date "2015.10.23"]
[Round "4.3"]
[White "Lutterbey, Ralf"]
[Black "Gielisch, Eckhart"]
[Result "1-0"]
[WhiteElo "1882"]
[BlackElo "1758"]
[PlyCount "69"]
[EventDate "2015.10.22"]
[EventCountry "GER"]
[WhiteTeam "Commerzbank Frankfurt 1"]
[BlackTeam "RWE Essen 1"]

1. e4 e6 2. d4 d5 3. c4 dxe4 4. Nc3 f5 5. f3 exf3 6. Nxf3 Nf6 7. Bg5 Be7 8. Qb3
Ng4 9. Bf4 Nc6 10. d5 Na5 11. Qa4+ c6 12. h3 Nf6 13. O-O-O exd5 14. cxd5 b5 15.
Qc2 Bd6 16. Bxd6 Qxd6 17. dxc6 Qf4+ 18. Kb1 O-O 19. Nxb5 Be6 20. Nfd4 Bd5 21.
Qc3 Nxc6 22. Nxc6 Ne4 23. Ne7+ Kh8 24. Qd4 Be6 25. Be2 Qg5 26. Nc6 Ng3 27. Rhe1
f4 28. Nc7 Nxe2 29. Rxe2 Bf5+ 30. Ka1 Rac8 31. Qd6 h6 32. Ne5 Qh5 33. Rde1 Rfd8
34. Qe7 Qxe2 35. Nf7+ 1-0

[Event "XV. DBMM Schach"]
[Site "München"]
[Date "2015.10.23"]
[Round "4.1"]
[White "Gebert Vangeel, Ralf"]
[Black "Reichardt, Peter"]
[Result "1/2-1/2"]
[WhiteElo "2041"]
[BlackElo "1941"]
[PlyCount "36"]
[EventDate "2015.10.??"]
[EventType "swiss"]
[EventRounds "7"]
[EventCountry "GER"]
[SourceDate "2015.10.22"]
[WhiteTeam "SV Osram Berlin"]
[BlackTeam "Bayerische Landesbank Muenchen II"]
[WhiteTeamCountry "GER"]
[BlackTeamCountry "GER"]

1. e4 e6 2. d4 d5 3. Nc3 Nf6 4. Bg5 Bb4 5. e5 h6 6. Bd2 Bxc3 7. bxc3 Ne4 8. Bd3
Nxd2 9. Qxd2 c5 10. Nf3 Nc6 11. O-O Qa5 12. Rfd1 b6 13. Bf1 O-O 14. Qe3 Ne7 15.
Nd2 Nf5 16. Qf3 cxd4 17. g4 Ne7 18. cxd4 Qa4 1/2-1/2

[Event "XV. DBMM Schach"]
[Site "München"]
[Date "2015.10.23"]
[Round "4.2"]
[White "Wolf, Martin"]
[Black "Eisermann, Daniel"]
[Result "0-1"]
[WhiteElo "1982"]
[BlackElo "1959"]
[PlyCount "50"]
[EventDate "2015.10.??"]
[EventType "swiss"]
[EventRounds "7"]
[EventCountry "GER"]
[SourceDate "2015.10.22"]
[WhiteTeam "Bayerische Landesbank Muenchen II"]
[BlackTeam "SV Osram Berlin"]
[WhiteTeamCountry "GER"]
[BlackTeamCountry "GER"]

1. d4 d5 2. c4 c6 3. Nc3 e5 4. cxd5 cxd5 5. e3 e4 6. Bb5+ Nc6 7. Nge2 Nf6 8.
Bd2 Bd6 9. Nf4 a6 10. Ba4 Be6 11. Nxe6 fxe6 12. Bxc6+ bxc6 13. Na4 O-O 14. Qe2
Qb8 15. b3 e5 16. Rc1 exd4 17. exd4 Bxh2 18. g3 Bxg3 19. fxg3 Qxg3+ 20. Kd1 Ng4
21. Rc3 Nf2+ 22. Kc2 Qg6 23. Rc1 e3+ 24. Kb2 exd2 25. Qxd2 Ne4 0-1

[Event "XV. DBMM Schach"]
[Site "München"]
[Date "2015.10.23"]
[Round "4.3"]
[White "Mueller, Gerd"]
[Black "Wolf, Dietrich Hans"]
[Result "1-0"]
[WhiteElo "1820"]
[BlackElo "1994"]
[PlyCount "95"]
[EventDate "2015.10.??"]
[EventType "swiss"]
[EventRounds "7"]
[EventCountry "GER"]
[SourceDate "2015.10.22"]
[WhiteTeam "SV Osram Berlin"]
[BlackTeam "Bayerische Landesbank Muenchen II"]
[WhiteTeamCountry "GER"]
[BlackTeamCountry "GER"]

1. e4 c5 2. b3 d6 3. Bb2 Nc6 4. Bb5 Bd7 5. Nf3 a6 6. Be2 Nf6 7. d3 e6 8. Nbd2
Be7 9. O-O O-O 10. d4 cxd4 11. Nxd4 e5 12. Nxc6 bxc6 13. Nf3 Nxe4 14. Bd3 Bg4
15. Bxe4 d5 16. Bxh7+ Kxh7 17. Bxe5 Bf6 18. Qd3+ g6 19. Rfe1 Bf5 20. Qc3 Bxe5
21. Qxe5 Be4 22. Ng5+ Kg8 23. Nxe4 dxe4 24. Rad1 Qe8 25. Rxe4 Qxe5 26. Rxe5
Rfe8 27. Rxe8+ Rxe8 28. Kf1 Kf8 29. Rd6 Re6 30. Rxe6 fxe6 31. Ke2 Ke7 32. Ke3
Kd6 33. Ke4 e5 34. h4 a5 35. g4 Ke6 36. a3 c5 37. c3 Kd6 38. h5 Ke6 39. b4 cxb4
40. cxb4 a4 41. b5 Kd6 42. h6 Kc5 43. h7 Kxb5 44. h8=Q Kc4 45. Qb8 Kc3 46. Qb5
Kc2 47. g5 Kd1 48. Qb2 1-0

[Event "XV. DBMM Schach"]
[Site "München"]
[Date "2015.10.23"]
[Round "4.4"]
[White "Meier, Wolfgang"]
[Black "Riess, Bernhard"]
[Result "1/2-1/2"]
[WhiteElo "1971"]
[BlackElo "1574"]
[PlyCount "58"]
[EventDate "2015.10.??"]
[EventType "swiss"]
[EventRounds "7"]
[EventCountry "GER"]
[SourceDate "2015.10.22"]
[WhiteTeam "Bayerische Landesbank Muenchen II"]
[BlackTeam "SV Osram Berlin"]
[WhiteTeamCountry "GER"]
[BlackTeamCountry "GER"]

1. e4 c6 2. d4 d5 3. e5 Bf5 4. Nf3 e6 5. Bd3 Bxd3 6. Qxd3 Nd7 7. b3 c5 8. Ba3
Rc8 9. c4 dxc4 10. bxc4 Qa5+ 11. Qd2 Qxd2+ 12. Nbxd2 cxd4 13. Bxf8 Nxf8 14.
Nxd4 Ng6 15. Nb5 Ke7 16. Nd6 Rc7 17. Nb5 Rc5 18. O-O a6 19. Nd6 Nxe5 20. Nxb7
Rc7 21. Na5 Nf6 22. f4 Nc6 23. Nxc6+ Rxc6 24. f5 Rd8 25. Nf3 Rxc4 26. fxe6 fxe6
27. Rae1 Rd6 28. Ne5 Ra4 29. Rb1 Rad4 1/2-1/2

[Event "DBMM 2015 (XV.)"]
[Site "München"]
[Date "2015.10.23"]
[Round "4.1"]
[White "Schröder, Kai Uwe"]
[Black "Hein, Ralf"]
[Result "1-0"]
[WhiteElo "1858"]
[BlackElo "2040"]
[PlyCount "68"]
[EventDate "2015.10.22"]
[EventCountry "GER"]
[WhiteTeam "Transit Hühnerposten Hamburg 2"]
[BlackTeam "Baubehörde Hamburg 1"]

1. e4 e5 2. Nf3 Nc6 3. Bb5 f5 4. d3 Nf6 5. Nc3 Bb4 6. exf5 Nd4 7. Ba4 b5 8. Bb3
Bb7 9. Bd2 Bxf3 10. gxf3 d5 11. Nb1 Bd6 12. c3 Nxf5 13. Bg5 c6 14. Bc2 h6 15.
Bd2 d4 16. Qe2 O-O 17. Bb3+ Kh8 18. Be6 Nh4 19. Rg1 Nh5 20. Bg4 Nf6 21. Kd1 Qc7
22. cxd4 exd4 23. Qe6 Rae8 24. Qb3 Bxh2 25. Rh1 Nxg4 26. fxg4 Rxf2 27. Be1 Qf4
28. Bxf2 Qf3+ 29. Kc2 Qxf2+ 30. Nd2 Nf3 31. Rad1 Bf4 32. Qf7 Ne1+ 33. Kb3 Qe3
34. Ne4 Nxd3 1-0

[Event "DBMM 2015 (XV.)"]
[Site "München"]
[Date "2015.10.23"]
[Round "4.1"]
[White "Urban, Ralf-Dieter"]
[Black "Ungerer, Markus"]
[Result "0-1"]
[WhiteElo "2063"]
[BlackElo "2131"]
[PlyCount "94"]
[EventDate "2015.10.22"]
[EventCountry "GER"]
[WhiteTeam "Transit Hühnerposten Hamburg 1"]
[BlackTeam "Wüstenrot & Württembergische 1"]

1. e4 e5 2. Nf3 Nc6 3. Bc4 Be7 4. d4 exd4 5. O-O d6 6. Nxd4 Nf6 7. Re1 O-O 8.
Nc3 Ne5 9. Be2 c6 10. f4 Ng6 11. a4 d5 12. e5 Ne4 13. Nxe4 dxe4 14. Be3 Bc5 15.
c3 f6 16. b4 fxe5 17. Qb3+ Kh8 18. fxe5 Bb6 19. a5 Bc7 20. Rad1 Qe7 21. Rf1
Rxf1+ 22. Rxf1 Qxe5 23. g3 Bh3 24. Rf7 Rc8 25. a6 bxa6 26. Nxc6 Qe6 27. Qxe6
Bxe6 28. Nxa7 Bxf7 29. Nxc8 Ne5 30. Bxa6 Nf3+ 31. Kg2 Be5 32. c4 Ne1+ 33. Kh1
Nc2 34. Bc5 e3 35. Bxe3 Nxe3 36. c5 Bd5+ 37. Kg1 Nc2 38. Bb5 Nxb4 39. Ne7 Bd4+
40. Kf1 Bxc5 41. Nxd5 Nxd5 42. Bc6 Ne3+ 43. Ke2 g6 44. Kf3 Kg7 45. Bb7 Kf6 46.
h3 Nf5 47. Kg4 Bd6 0-1

[Event "DBMM 2015 (XV.)"]
[Site "München"]
[Date "2015.10.23"]
[Round "4.2"]
[White "Peck, Malcolm"]
[Black "Meister, Bernd-Holger"]
[Result "0-1"]
[WhiteElo "1677"]
[BlackElo "1819"]
[PlyCount "86"]
[EventDate "2015.10.22"]
[EventCountry "GER"]
[WhiteTeam "Wüstenrot & Württembergische 1"]
[BlackTeam "Transit Hühnerposten Hamburg 1"]

1. d4 Nf6 2. c4 e6 3. Nc3 c5 4. d5 exd5 5. Nxd5 Nxd5 6. Qxd5 d6 7. Nf3 Be7 8.
e4 Nc6 9. a3 Be6 10. Qd1 Bf6 11. Be2 O-O 12. O-O Nd4 13. Nxd4 Bxd4 14. Qb3 Rb8
15. Be3 Qf6 16. Bxd4 Qxd4 17. Rad1 Qxe4 18. Bd3 Qf4 19. a4 b6 20. Rfe1 a6 21.
Re4 Qf6 22. g3 b5 23. axb5 axb5 24. Rh4 g6 25. Rf4 Qg7 26. Qc3 bxc4 27. Bxc4
Qxc3 28. bxc3 Bxc4 29. Rxc4 Rfd8 30. h4 Rbc8 31. Re1 Re8 32. Rd1 Re6 33. g4 Kf8
34. f4 Ke7 35. Kf2 Kd7 36. Kf3 Kc6 37. f5 Re5 38. Ra4 gxf5 39. Ra6+ Kb5 40.
Rdxd6 fxg4+ 41. Kxg4 Kc4 42. Ra3 Rb8 43. Rda6 Rb3 0-1

[Event "DBMM 2015 (XV.)"]
[Site "München"]
[Date "2015.10.23"]
[Round "4.4"]
[White "Uhlarz, Jörg"]
[Black "Leube, Oliver"]
[Result "0-1"]
[WhiteElo "1676"]
[BlackElo "1928"]
[PlyCount "118"]
[EventDate "2015.10.22"]
[EventCountry "GER"]
[WhiteTeam "Wüstenrot & Württembergische 1"]
[BlackTeam "Transit Hühnerposten Hamburg 1"]

1. d4 d5 2. c4 c6 3. Nc3 Nf6 4. Nf3 e6 5. g3 dxc4 6. a4 c5 7. Bg5 Be7 8. Bg2
O-O 9. O-O Nbd7 10. Qc2 cxd4 11. Nxd4 h6 12. Bc1 Bc5 13. Nf3 a6 14. Rd1 Qc7 15.
h3 b6 16. Nd2 Rb8 17. Nce4 Nxe4 18. Bxe4 Qxg3+ 19. Bg2 Qxf2+ 20. Kh1 Qxe2 21.
Rf1 Bb7 22. Bxb7 Rxb7 23. Qe4 Qxe4+ 24. Nxe4 Be7 25. Rg1 Kh7 26. Be3 Nf6 27.
Nc3 Rd8 28. Rae1 b5 29. Re2 Nd5 30. Bd4 Bf6 31. Bxf6 Nxf6 32. axb5 axb5 33. Ra1
b4 34. Nd1 Rbd7 35. Ne3 c3 36. bxc3 bxc3 37. Nf1 Rd1 38. Rxd1 Rxd1 39. Kg2 Nd5
40. Kf2 Nf4 41. Ne3 Nxe2 42. Kxe2 Rd2+ 43. Ke1 f5 44. Nc4 f4 45. Ne5 Rb2 46.
Kd1 g5 47. Kc1 Kg7 48. Kd1 Kf6 49. Ng4+ Kf5 50. Nxh6+ Ke4 51. Nf7 Kf5 52. Nh6+
Kg6 53. Ng4 Kh5 54. Nf6+ Kh4 55. Ne4 f3 56. Nxc3 f2 57. Kc1 f1=Q+ 58. Kxb2 Qxh3
59. Kc2 Qxc3+ 0-1

[Event "DBMM 2015 (XV.)"]
[Site "München"]
[Date "2015.10.23"]
[Round "4.1"]
[White "WGM Belic, Jordanka"]
[Black "Bender, Gerhard Dr"]
[Result "1/2-1/2"]
[WhiteElo "2248"]
[BlackElo "2017"]
[PlyCount "50"]
[EventDate "2015.10.22"]
[EventCountry "GER"]
[WhiteTeam "imp GmbH Halle/Saale 1"]
[BlackTeam "Deutsches Patent- und Markenamt"]

1. e4 e6 2. d4 d5 3. Nc3 Bb4 4. exd5 exd5 5. Bd3 Nf6 6. Bg5 O-O 7. Nge2 c6 8.
O-O Nbd7 9. Ng3 h6 10. Be3 Re8 11. Qf3 Nf8 12. Nf5 Bxc3 13. bxc3 Ne4 14. c4 Ng5
15. Bxg5 Qxg5 16. cxd5 cxd5 17. Rab1 Re4 18. Bxe4 dxe4 19. Nxh6+ gxh6 20. Qxe4
Be6 21. f4 Qd5 22. Qxd5 Bxd5 23. f5 Rc8 24. Rb2 Be4 25. Rf4 Rxc2 1/2-1/2

[Event "DBMM 2015 (XV.)"]
[Site "München"]
[Date "2015.10.23"]
[Round "4.2"]
[White "Junker, Carsten"]
[Black "Reinemann, Günter Dr"]
[Result "0-1"]
[WhiteElo "1700"]
[BlackElo "1930"]
[PlyCount "38"]
[EventDate "2015.10.22"]
[EventCountry "GER"]
[WhiteTeam "Deutsches Patent- und Markenamt"]
[BlackTeam "imp GmbH Halle/Saale 1"]

1. a3 e5 2. d4 e4 3. c4 Nf6 4. Nc3 d6 5. Bg5 Bf5 6. e3 Be7 7. Qb3 Nbd7 8. Bxf6
Bxf6 9. Qxb7 O-O 10. Nd5 c5 11. Nxf6+ Qxf6 12. Ne2 Rab8 13. Qxa7 Rxb2 14. Ng3
Nb6 15. Nxf5 Qxf5 16. Be2 Nxc4 17. Qe7 cxd4 18. g4 Qa5+ 19. Kf1 Qd2 0-1

[Event "DBMM 2015 (XV.)"]
[Site "München"]
[Date "2015.10.23"]
[Round "4.3"]
[White "Kleint, Gert"]
[Black "Hajduk, Michael"]
[Result "0-1"]
[WhiteElo "1757"]
[BlackElo "1800"]
[PlyCount "56"]
[EventDate "2015.10.22"]
[EventCountry "GER"]
[WhiteTeam "imp GmbH Halle/Saale 1"]
[BlackTeam "Deutsches Patent- und Markenamt"]

1. d4 d5 2. c4 c6 3. Nc3 Nf6 4. Nf3 dxc4 5. a4 Bf5 6. e3 e6 7. Bxc4 Bb4 8. O-O
O-O 9. Qe2 Bg4 10. h3 Bh5 11. g4 Bg6 12. Ne5 Nbd7 13. Nxg6 hxg6 14. e4 Nb6 15.
Ba2 Qxd4 16. Rd1 Qc5 17. Be3 Qa5 18. g5 Nh5 19. Bd2 Rad8 20. Bb3 Rd7 21. h4
Rfd8 22. Be1 Qe5 23. Bc2 Nf4 24. Qf3 Nc4 25. b3 Na3 26. Rxd7 Rxd7 27. Rd1 Nxc2
28. Rxd7 Nxe1 0-1